| 000 | 01779cam a22003135i 4500 | ||
|---|---|---|---|
| 001 | 21380388 | ||
| 005 | 20260606124337.0 | ||
| 008 | 200109s2020 cau 000 0 eng | ||
| 010 | _a 2020930417 | ||
| 020 |
_a9789353882488 _q(paperback) |
||
| 020 |
_z9789353882495 _q(epub) |
||
| 020 |
_z9789353882501 _q(ebook) |
||
| 035 | _a21380388 | ||
| 040 |
_aDLC _beng _erda _cDLC |
||
| 042 | _apcc | ||
| 082 | _a 332.1068 | ||
| 100 | 1 |
_aPhadke, Sanjay, _eauthor. |
|
| 245 | 1 | 0 |
_aFintech future : _bthe digital DNA of finance / _cSanjay Phadke. |
| 263 | _a2002 | ||
| 264 | 1 |
_aThousand Oaks : _bSAGE Publishing, _c2020. |
|
| 336 |
_atext _btxt _2rdacontent |
||
| 337 |
_aunmediated _bn _2rdamedia |
||
| 338 |
_avolume _bnc _2rdacarrier |
||
| 520 |
_a"Fintech is drowning banks and squeezing all our financial transactions onto a mobile screen! Should we be worried? We make payments via PayPal or Paytm, shop on Amazon or Flipkart, book accommodation on Airbnb or Oyo and call a cab using Uber or Ola apps. The big tech companies are taking care of all our finances virtually while new technologies such as artificial intelligence (AI), internet of things (IoT), blockchain, big data, 5G and quantum computing promise to raise a new storm in the future of finance. Fintech Future is the story of technology disrupting finance-from coin to bitcoin, banknote to cloud and stodgy old banks to AI-viewed from the perspective of whether it helps make the world a better place. Sanjay Phadke is Fintech Specialist and Head Global Platforms and Alliances, Vayana Network"-- _cProvided by publisher. |
||
| 856 |
_uhttps://sk.sagepub.com/books/fintech-future _yRead SAGE E-Book |
||
| 906 |
_a0 _bibc _corignew _d2 _eepcn _f20 _gy-gencatlg |
||
| 942 |
_2ddc _cEBOOK |
||
| 999 |
_c44735 _d44735 |
||